000
00232nam a2200097Ia 4500
008
240331s9999 xx 000 0 und d
082
_b
VOI
100
_a
Bhasin,K. ed
245
0
_a
Voices of Sanity :
_b
reaching out for peace
942
_c
L
999
_c
4478
_d
4478